[Event "Sao Sebastiao op"]
[Site "Sao Sebastiao do Paraiso"]
[Date "2013.10.05"]
[Round "4"]
[White "Borges, Joel Cintra"]
[Black "Chaves, Vagner"]
[Result "1-0"]
[WhiteElo "1987"]
[BlackElo "1674"]
[PlyCount "77"]
[EventDate "2013.10.04"]
[EventType "swiss"]
[EventRounds "6"]
[EventCountry "BRA"]
[SourceTitle "EXT 2014"]
[Source "ChessBase"]
[SourceDate "2013.11.20"]
[SourceVersion "1"]
[SourceVersionDate "2013.11.20"]
[SourceQuality "1"]

1. e4 d6 2. f4 Nf6 3. Nc3 e5 4. Nf3 Bg4 5. h3 Bxf3 6. Qxf3 c6 7. Bc4 b5 8. Bb3 Qb6 9. d3 a5 10. Be3 Qc7 11. a3 a4 12. Ba2 Be7 13. 0-0 0-0 14. Ne2 Na6 15. Ng3 b4 16. Nf5 Ne8 17. fxe5 dxe5 18. Qg3 Kh8 19. Rf2 Rb8 20. axb4 Nxb4 21. Bc4 Ra8 22. c3 c5 23. cxb4 cxb4 24. Bb5 Bf6 25. Rxa4 Rxa4 26. Bxa4 Nd6 27. Nxd6 Qxd6 28. Bb5 Qe7 29. Qf3 Ra8 30. b3 Qc7 31. Bc4 Ra1+ 32. Rf1 Ra2 33. Qg4 Rb2 34. Bg5 Qc5+ 35. Kh1 Bxg5 36. Qxg5 f6 37. Qg4 h6 38. Kh2 Qc7 39. Rxf6 1-0

[Event "Sao Bernardo LXSBC 2nd fin-C"]
[Site "Sao Bernardo do Campo"]
[Date "2011.01.22"]
[Round "9.3"]
[White "Chaves, Vagner"]
[Black "Caporale, Giuseppe Guido"]
[Result "1/2-1/2"]
[WhiteElo "1638"]
[BlackElo "1734"]
[PlyCount "133"]
[EventDate "2011.01.22"]
[EventType "tourn"]
[EventRounds "10"]
[EventCountry "BRA"]
[SourceTitle "EXT 2022"]
[Source "ChessBase"]
[SourceDate "2021.10.06"]
[SourceVersion "1"]
[SourceVersionDate "2021.10.06"]
[SourceQuality "1"]

1. Nf3 Nf6 2. g3 c5 3. Bg2 d5 4. d3 Nc6 5. Nbd2 e5 6. 0-0 Bf5 7. Re1 e4 8. Nh4 Bg4 9. dxe4 g5 10. exd5 Nxd5 11. Nhf3 Be7 12. c3 Be6 13. Ne4 h6 14. Qa4 Nb6 15. Qd1 Bd7 16. Be3 c4 17. Nd6+ Kf8 18. Bxb6 axb6 19. Nxc4 Qc7 20. Ne3 Be6 21. Nd4 Nxd4 22. Qxd4 Rg8 23. Nd5 Bxd5 24. Qxd5 Rb8 25. Red1 Rg6 26. Qd7 Qe5 27. Qd4 Qe6 28. Bd5 Qd6 29. Be4 Qxd4 30. Rxd4 Rf6 31. Rd7 Bc5 32. e3 Rd6 33. Rxb7 Rxb7 34. Bxb7 Rd2 35. Rb1 Kg7 36. Kf1 f5 37. Ke1 Rd7 38. Bc8 Rd5 39. c4 Re5 40. Rd1 f4 41. Ke2 fxe3 42. f3 Bb4 43. Rd7+ Kf6 44. a3 Bd2 45. Rd6+ Ke7 46. Rxh6 Rc5 47. Be6 Rc6 48. Rg6 Rxe6 49. Rxg5 Rd6 50. f4 Bc1 51. h4 Bxb2 52. a4 Bd4 53. h5 Bc5 54. Rd5 Rxd5 55. cxd5 Kd6 56. h6 Kxd5 57. Kd3 e2 58. Kxe2 Ke4 59. h7 Bd4 60. Kd2 Kf3 61. Kd3 Bh8 62. Kc4 Ke4 63. Kb5 Bd4 64. h8Q Bxh8 65. Kxb6 Bd4+ 66. Kc6 Bf2 67. a5 1/2-1/2

[Event "Sao Bernardo LXSBC 2nd fin-C"]
[Site "Sao Bernardo do Campo"]
[Date "2011.01.22"]
[Round "7.4"]
[White "Chaves, Vagner"]
[Black "Francelli, Derli"]
[Result "1-0"]
[WhiteElo "1638"]
[BlackElo "1670"]
[PlyCount "97"]
[EventDate "2011.01.22"]
[EventType "tourn"]
[EventRounds "10"]
[EventCountry "BRA"]
[SourceTitle "EXT 2022"]
[Source "ChessBase"]
[SourceDate "2021.10.06"]
[SourceVersion "1"]
[SourceVersionDate "2021.10.06"]
[SourceQuality "1"]

1. Nf3 e6 2. g3 d5 3. Bg2 Nf6 4. d3 Be7 5. Nbd2 Nbd7 6. 0-0 0-0 7. e4 dxe4 8. dxe4 e5 9. b3 Re8 10. Bb2 Bd6 11. Qe2 Nc5 12. Rad1 Bg4 13. h3 Bd7 14. Nh4 Qc8 15. Kh2 Bc6 16. f3 g6 17. Nc4 Qe6 18. Nxd6 cxd6 19. Qd2 Rad8 20. c4 Nh5 21. Qc3 f6 22. Qe3 a6 23. Qh6 Qf7 24. Qe3 Ne6 25. Rd2 Re7 26. Rfd1 Red7 27. Ba3 Nd4 28. Bb2 Ne6 29. Bf1 Nhg7 30. Ng2 f5 31. f4 exf4 32. Nxf4 Nxf4 33. Qxf4 fxe4 34. Qe3 Qf3 35. Qd4 Rf8 36. Bg2 Qf5 37. h4 Qc5 38. Qxc5 dxc5 39. Rxd7 Ne6 40. Re7 Rf2 41. Be5 e3 42. Rxe6 Rxg2+ 43. Kh3 e2 44. Re1 Rf2 45. Rxc6 bxc6 46. Bf4 h5 47. Be3 Rf5 48. Rxe2 Re5 49. Kg2 1-0

[Event "Sao Bernardo LXSBC 2nd fin-C"]
[Site "Sao Bernardo do Campo"]
[Date "2011.01.22"]
[Round "2.2"]
[White "Chaves, Vagner"]
[Black "Heinrichs, Vivian"]
[Result "0-1"]
[WhiteElo "1638"]
[BlackElo "1889"]
[PlyCount "70"]
[EventDate "2011.01.22"]
[EventType "tourn"]
[EventRounds "10"]
[EventCountry "BRA"]
[SourceTitle "EXT 2022"]
[Source "ChessBase"]
[SourceDate "2021.10.06"]
[SourceVersion "1"]
[SourceVersionDate "2021.10.06"]
[SourceQuality "1"]

1. Nf3 c5 2. g3 g6 3. Bg2 Bg7 4. 0-0 Nc6 5. d3 e5 6. e4 Nge7 7. Nc3 0-0 8. Bg5 h6 9. Be3 b6 10. h4 d5 11. exd5 Nxd5 12. Nxd5 Qxd5 13. Qd2 e4 14. Nh2 Kh7 15. Bxe4 Qd6 16. c3 Bh3 17. Rfe1 f5 18. Bf4 Qd7 19. Bf3 Rad8 20. Rad1 Ne7 21. Be5 Bxe5 22. Rxe5 Nc6 23. Bxc6 Qxc6 24. Re7+ Kg8 25. f3 Qd6 26. Qe2 Qxg3+ 27. Kh1 Qxh4 28. Qe6+ Kh8 29. Qxg6 Qxe7 30. Qxh6+ Qh7 31. Qf4 Rg8 32. Re1 Bg2+ 33. Kg1 Bxf3+ 34. Kf2 Rg2+ 35. Kxf3 Qh3+ 0-1

[Event "Sao Bernardo LXSBC 2nd fin-C"]
[Site "Sao Bernardo do Campo"]
[Date "2011.01.22"]
[Round "5.5"]
[White "Chaves, Vagner"]
[Black "Silva, Jose Roberto Da"]
[Result "1/2-1/2"]
[WhiteElo "1638"]
[BlackElo "1804"]
[PlyCount "146"]
[EventDate "2011.01.22"]
[EventType "tourn"]
[EventRounds "10"]
[EventCountry "BRA"]
[SourceTitle "EXT 2022"]
[Source "ChessBase"]
[SourceDate "2021.10.06"]
[SourceVersion "1"]
[SourceVersionDate "2021.10.06"]
[SourceQuality "1"]

1. Nf3 Nf6 2. g3 g6 3. Bg2 Bg7 4. d4 d6 5. 0-0 0-0 6. Nbd2 c6 7. e4 Bg4 8. h3 Bxf3 9. Qxf3 Nbd7 10. c3 Qb6 11. Nc4 Qb5 12. b3 a5 13. Na3 Qb6 14. Be3 Qc7 15. Rac1 b6 16. Rfd1 Rfe8 17. e5 Nd5 18. exd6 exd6 19. Bd2 Re6 20. c4 Rf6 21. Qe4 Re6 22. Qg4 N5f6 23. Qf4 Rae8 24. d5 Nh5 25. Qf3 Ne5 26. Qe4 Nf6 27. Qc2 R6e7 28. f4 Ned7 29. dxc6 Nc5 30. Nb5 Qd8 31. Re1 Nfe4 32. c7 Qd7 33. Kh1 f5 34. b4 axb4 35. Bxb4 Na6 36. Ba3 Nxc7 37. Nxc7 Qxc7 38. Bxe4 Rxe4 39. Rxe4 Rxe4 40. Qd3 Bd4 41. h4 Qe7 42. Kh2 Bc5 43. Qd5+ Qe6 44. Qa8+ Qe8 45. Qxe8+ Rxe8 46. Bxc5 dxc5 47. Rb1 Re6 48. a4 h5 49. Kg2 Kf7 50. Kf3 Ke7 51. Rb3 Kd7 52. Rb5 Kc6 53. a5 bxa5 54. Rxa5 Kb6 55. Ra4 Re4 56. Kf2 Rd4 57. Ke3 Rd1 58. Ke2 Rb1 59. Ra2 Rb3 60. Kf2 Rc3 61. Ra4 Rc2+ 62. Kf3 Rb2 63. Ra3 Rc2 64. Ra4 Rc3+ 65. Kf2 Rb3 66. Ra2 Rb4 67. Rc2 Ka5 68. Ke2 Rb1 69. Kf2 Kb4 70. Re2 Kxc4 71. Re6 Rb2+ 72. Kf3 Rb3+ 73. Kf2 Rb2+ 1/2-1/2